[Event "European Blitz 2022"]
[Site "Katowice POL"]
[Date "2022.12.16"]
[Round "9.68"]
[White "Buchicchio, Giampaolo"]
[Black "Kosteniuk, Alexandra"]
[Result "0-1"]
[WhiteTitle "FM"]
[BlackTitle "GM"]
[WhiteElo "2259"]
[BlackElo "2520"]
[WhiteFideId "811491"]
[BlackFideId "4128125"]
[EventDate "2022.12.16"]

1. e4 c6 2. Nc3 d5 3. Nf3 dxe4 4. Nxe4 Nf6 5. Nxf6+ exf6 6. d4 Bd6 7. Bd3 O-O 8.
Be3 Re8 9. Qd2 Nd7 10. O-O Nf8 11. Nh4 g6 12. Rfe1 Ne6 13. c4 f5 14. Nxf5 gxf5
15. Bxf5 Qf6 16. Bc2 Bd7 17. a4 a5 18. c5 Bc7 19. Ra3 Kh8 20. Qd3 Qg7 21. Qd2 0-1

[Event "European Blitz 2022"]
[Site "Katowice POL"]
[Date "2022.12.16"]
[Round "9.69"]
[White "Marczuk, Dominik"]
[Black "Peyrer, Konstantin"]
[Result "0-1"]
[WhiteTitle "FM"]
[BlackTitle "FM"]
[WhiteElo "2253"]
[BlackElo "2380"]
[WhiteFideId "1111264"]
[BlackFideId "1640879"]
[EventDate "2022.12.16"]

1. c4 f5 2. Nc3 Nf6 3. g3 g6 4. Bg2 Bg7 5. d3 d6 6. e4 Nc6 7. Nge2 O-O 8. O-O e5
9. exf5 Bxf5 10. d4 Kh8 11. dxe5 Nxe5 12. Nd4 Bg4 13. f3 Bd7 14. b3 c6 15. f4
Nf7 16. h3 Re8 17. Nc2 d5 18. cxd5 cxd5 19. Bb2 Ne4 20. Nxe4 Bxb2 21. Qxd5 Bxa1
22. Rxa1 Bc6 23. Qc4 Bxe4 24. Bxe4 Qf6 25. Re1 Nd6 26. Qd5 Rad8 27. Nb4 Nxe4 28.
Rxe4 0-1

[Event "European Blitz 2022"]
[Site "Katowice POL"]
[Date "2022.12.16"]
[Round "9.70"]
[White "Horvath, Dominik"]
[Black "Piotrowski, Przemyslaw"]
[Result "1-0"]
[WhiteTitle "IM"]
[BlackTitle "FM"]
[WhiteElo "2502"]
[BlackElo "2247"]
[WhiteFideId "1642561"]
[BlackFideId "1127063"]
[EventDate "2022.12.16"]

1. d4 c5 2. d5 e5 3. c4 d6 4. e4 Be7 5. Nc3 Bg5 6. Bxg5 Qxg5 7. Nf3 Qd8 8. Bd3
Ne7 9. O-O O-O 10. a3 Nd7 11. b4 b6 12. Rb1 Ng6 13. Ne2 Nf6 14. bxc5 bxc5 15.
Bc2 h5 16. Qd2 h4 17. Ne1 Nh5 18. Nd3 f5 19. exf5 Bxf5 20. Rb7 Qf6 21. Ne1 Nhf4
22. Nxf4 Nxf4 23. Bxf5 Qxf5 24. Qe3 Rf6 25. Nf3 h3 26. g3 Ng2 27. Qg5 Qxg5 28.
Nxg5 Raf8 29. Nxh3 Ne3 30. Rc1 Ng4 31. Rb2 Rf3 32. Ng5 Rxa3 33. Ne6 Rf5 34. h3
Nf6 35. g4 Rf4 36. Nxf4 exf4 37. Rb7 Ne4 38. Re1 Ng5 39. Ree7 Nf3+ 40. Kg2 Nh4+
41. Kf1 f3 42. Rxg7+ Kf8 43. Rgf7+ Kg8 44. Rfe7 Ng2 45. Re8# 1-0

[Event "European Blitz 2022"]
[Site "Katowice POL"]
[Date "2022.12.16"]
[Round "9.71"]
[White "Stevanic, David"]
[Black "Klenburg, Michael"]
[Result "0-1"]
[WhiteTitle "FM"]
[BlackTitle "IM"]
[WhiteElo "2249"]
[BlackElo "2347"]
[WhiteFideId "14613921"]
[BlackFideId "14102072"]
[EventDate "2022.12.16"]

1. e4 d6 2. d4 Nf6 3. Nc3 g6 4. f4 Bg7 5. Nf3 O-O 6. Bd3 Na6 7. e5 dxe5 8. fxe5
Nd5 9. Nxd5 Qxd5 10. O-O Bg4 11. Be3 c5 12. Bxa6 bxa6 13. dxc5 Bxf3 14. Qxf3
Qxf3 15. Rxf3 Bxe5 16. Rb1 a5 17. Bf2 Rab8 18. Rb3 Rfd8 19. Rxb8 Rxb8 20. b3 Rd8
21. Be3 Bc3 22. Kf2 e5 23. Ke2 f5 24. Rd1 Rxd1 25. Kxd1 Kf7 26. Bd2 Bd4 27. c6
Bb6 28. a3 Ke6 29. b4 axb4 30. axb4 Kd5 31. b5 Kc4 32. c7 Bxc7 33. Bg5 Kxb5 34.
Kd2 Kc4 35. Be7 f4 36. h4 e4 37. Bf6 a5 38. Ke2 a4 39. Ba1 a3 40. Kd2 Ba5+ 41.
c3 Bb6 42. Ke2 Kb3 0-1

[Event "European Blitz 2022"]
[Site "Katowice POL"]
[Date "2022.12.16"]
[Round "9.72"]
[White "Paehtz, Elisabeth"]
[Black "Tymrakiewicz, Rafal"]
[Result "1-0"]
[WhiteTitle "GM"]
[BlackTitle "FM"]
[WhiteElo "2464"]
[BlackElo "2138"]
[WhiteFideId "4641833"]
[BlackFideId "1108832"]
[EventDate "2022.12.16"]

1. d4 Nf6 2. Nf3 d6 3. g3 g6 4. Bg2 Bg7 5. O-O O-O 6. c4 Nc6 7. Nc3 Bg4 8. Be3
Nd7 9. Ne1 Nb6 10. b3 e5 11. d5 Ne7 12. a4 Nd7 13. a5 Nf6 14. a6 b6 15. Bd2 Bc8
16. e4 Nd7 17. Nd3 Nb8 18. Nb4 f5 19. exf5 Nxf5 20. Ne4 Nd4 21. Bc3 Qd7 22. Bxd4
exd4 23. Ng5 Qf5 24. Ne6 Rf7 25. Nxg7 Rxg7 26. Qxd4 Nd7 27. Nc6 Nc5 28. Rae1 Qf8
29. b4 Nxa6 30. Ra1 Bb7 31. Qc3 Re8 32. Nxa7 Rge7 33. Nc6 Re2 34. Bf3 Bxc6 35.
dxc6 R2e5 36. Rxa6 Rf5 37. Bd5+ 1-0

[Event "European Blitz 2022"]
[Site "Katowice POL"]
[Date "2022.12.16"]
[Round "9.73"]
[White "Pidluznij, Gleb"]
[Black "Monroy, Charles"]
[Result "1-0"]
[BlackTitle "IM"]
[WhiteElo "2159"]
[BlackElo "2395"]
[WhiteFideId "12817082"]
[BlackFideId "621641"]
[EventDate "2022.12.16"]

1. e4 e5 2. Nf3 Nc6 3. Bb5 a6 4. Bxc6 dxc6 5. O-O Bd6 6. d4 exd4 7. Qxd4 f6 8.
Be3 Ne7 9. h3 Ng6 10. Nbd2 Be6 11. Nc4 Bxc4 12. Qxc4 Qe7 13. Rfe1 O-O-O 14. Rad1
Rhe8 15. Bd4 Kb8 16. Bc3 h5 17. a4 Be5 18. Nxe5 fxe5 19. Rxd8+ Rxd8 20. Qe2 Qg5
21. Qf3 Nf4 22. Kh2 Qe7 23. g3 Ne6 24. Qxh5 Nd4 25. Bxd4 Rxd4 26. b3 Qc5 27. Re2
Rd1 28. Qf3 Qd4 29. h4 Rc1 30. c4 Qd1 31. Re3 Qg1+ 32. Kh3 Qf1+ 33. Kg4 a5 34.
Qf8+ Ka7 35. Qc5+ Ka6 36. Qxe5 Qxf2 37. Qf4 Qb2 38. Qxc7 Qd4 39. Qf4 Qd7+ 40.
Qf5 Qd4 41. Qf4 g6 42. e5 Qd7+ 43. e6 Qe7 44. Qf7 Qc5 45. e7 Rf1 46. Qxf1 Qxe3
47. Qf7 Qe4+ 48. Kg5 Qe5+ 49. Kxg6 Qxg3+ 50. Kh7 Qxh4+ 51. Kg8 Qg4+ 52. Kf8 1-0

[Event "European Blitz 2022"]
[Site "Katowice POL"]
[Date "2022.12.16"]
[Round "9.74"]
[White "Haydon, David L"]
[Black "Olenik Campa, Rudi"]
[Result "1-0"]
[WhiteTitle "FM"]
[BlackTitle "CM"]
[WhiteElo "2289"]
[BlackElo "2358"]
[WhiteFideId "415405"]
[BlackFideId "14633264"]
[EventDate "2022.12.16"]

1. Nf3 g6 2. d4 Bg7 3. g3 d6 4. Bg2 Nf6 5. O-O O-O 6. c4 Nc6 7. Nc3 e5 8. dxe5
dxe5 9. Qc2 Bf5 10. Qa4 Qc8 11. Nd5 Nxd5 12. cxd5 Nd4 13. Nxd4 exd4 14. Qc4 Qd7
15. Bf4 Rac8 16. Rac1 Rfe8 17. Rfd1 Re7 18. Bf3 h6 19. h4 Kh7 20. a4 a6 21. b3
Bf6 22. Rxd4 Bxd4 23. Qxd4 Bg4 24. Bxg4 Qxg4 25. Qf6 Qxe2 26. d6 Rd7 27. Be5 Rg8
28. Rxc7 Qd1+ 29. Kh2 Rxc7 30. dxc7 Qd7 31. c8=Q 1-0

[Event "European Blitz 2022"]
[Site "Katowice POL"]
[Date "2022.12.16"]
[Round "9.75"]
[White "Maier, Christian"]
[Black "Pavlidou, Ekaterini"]
[Result "0-1"]
[WhiteTitle "IM"]
[BlackTitle "WIM"]
[WhiteElo "2315"]
[BlackElo "2178"]
[WhiteFideId "4601955"]
[BlackFideId "4213262"]
[EventDate "2022.12.16"]

1. e4 c5 2. Nf3 e6 3. b4 b6 4. bxc5 bxc5 5. Nc3 Nc6 6. Rb1 Be7 7. Bb5 Bb7 8. O-O
Qc7 9. Re1 Nf6 10. h3 Nd4 11. d3 O-O 12. Nxd4 cxd4 13. Ne2 e5 14. Ng3 g6 15. Bh6
Rfc8 16. Ba4 d5 17. Qf3 dxe4 18. dxe4 Bc6 19. Bb3 Bd7 20. Nf5 Bxf5 21. exf5 e4
22. Qd1 Qe5 23. fxg6 hxg6 24. Qd2 Rd8 25. Rbd1 Bc5 26. Bf4 Qf5 27. Bh2 e3 28.
fxe3 dxe3 29. Qxd8+ Rxd8 30. Rxd8+ Kg7 31. Re2 Ne4 32. Rd5 Qc8 33. Re5 Nc3 34.
R2xe3 Bxe3+ 35. Rxe3 Qc5 36. Bf4 Ne2+ 37. Kf2 Nxf4 0-1

[Event "European Blitz 2022"]
[Site "Katowice POL"]
[Date "2022.12.16"]
[Round "9.76"]
[White "Dzierzak, Radoslaw"]
[Black "Maltsevskaya, Aleksandra"]
[Result "1-0"]
[WhiteTitle "FM"]
[BlackTitle "IM"]
[WhiteElo "2211"]
[BlackElo "2400"]
[WhiteFideId "1161407"]
[BlackFideId "24174041"]
[EventDate "2022.12.16"]

1. e4 c5 2. Nf3 e6 3. d4 cxd4 4. Nxd4 Nc6 5. Nc3 Nf6 6. g3 d6 7. Bg2 Bd7 8. O-O
Be7 9. Nb3 O-O 10. f4 a5 11. a4 Qb6+ 12. Kh1 Rac8 13. Qe2 Nd4 14. Qf2 e5 15. h3
Be6 16. Be3 Bxb3 17. cxb3 Qxb3 18. Ra3 Qb4 19. Bxd4 exd4 20. Nb5 Rfe8 21. Qxd4
Bf8 22. Qxb4 axb4 23. Re3 Rc2 24. b3 Nd5 25. Ree1 Nc3 26. Nd4 Rb2 27. Kg1 g6 28.
Rf2 Rxf2 29. Kxf2 Bg7 30. Nb5 Rc8 31. Nxd6 Bd4+ 32. Kf3 Rc7 33. Bf1 Kg7 34. Bc4
f6 35. Nb5 Nxb5 36. axb5 b6 37. Rd1 Bc5 38. Rd8 Ra7 39. Rg8+ Kh6 40. e5 fxe5 41.
fxe5 Ra1 42. e6 Re1 43. h4 Re3+ 44. Kf4 Re1 45. g4 Bd6+ 46. Kf3 Be7 47. g5+ Kh5
48. Rg7 Kxh4 49. Rxh7+ Kxg5 50. Rxe7 Kf6 51. Rf7+ Ke5 52. e7 Kd6 53. Kf4 Kd7 54.
Kg5 Rg1+ 55. Kf6 Re1 1-0

[Event "European Blitz 2022"]
[Site "Katowice POL"]
[Date "2022.12.16"]
[Round "9.77"]
[White "Madan, Augustin"]
[Black "Minald, Andrey"]
[Result "1-0"]
[WhiteTitle "IM"]
[WhiteElo "2292"]
[BlackElo "2091"]
[WhiteFideId "1210327"]
[BlackFideId "13506854"]
[EventDate "2022.12.16"]

1. d4 d5 2. c4 c6 3. Nf3 Nf6 4. Nc3 e6 5. e3 Bd6 6. Be2 O-O 7. O-O Nbd7 8. b3
Re8 9. Bb2 b6 10. Qc2 Bb7 11. Rad1 Qe7 12. e4 dxe4 13. Nxe4 Nxe4 14. Qxe4 Nf6
15. Qh4 Rad8 16. Bd3 h6 17. Rfe1 Ba3 18. Ba1 Nd7 19. Qe4 Nf6 20. Qh4 a5 21. Ne5
c5 22. dxc5 Bxc5 23. Ng4 Nxg4 24. Qxg4 f5 25. Qg3 Qf7 26. Be5 Rd7 27. Be2 Red8
28. Rxd7 Rxd7 29. Bf3 Bb4 30. Rf1 Rd3 31. Qf4 Bxf3 32. gxf3 Qg6+ 33. Qg3 Rxf3
34. Qxg6 1-0

[Event "European Blitz 2022"]
[Site "Katowice POL"]
[Date "2022.12.16"]
[Round "9.78"]
[White "Bazakutsa, Svyatoslav"]
[Black "D'Costa, Lorin"]
[Result "0-1"]
[BlackTitle "IM"]
[WhiteElo "2318"]
[BlackElo "2375"]
[WhiteFideId "14198525"]
[BlackFideId "409219"]
[EventDate "2022.12.16"]

1. c4 e5 2. g3 Nc6 3. Bg2 Bc5 4. Nc3 d6 5. e3 a6 6. Nf3 Ba7 7. d4 exd4 8. exd4
Nge7 9. O-O O-O 10. d5 Ne5 11. Nxe5 dxe5 12. b4 Bd4 13. Bb2 a5 14. a3 Bf5 15.
Qd2 Qd7 16. Ne2 Bxb2 17. Qxb2 Ng6 18. Rfe1 Rfe8 19. Nc3 Bh3 20. c5 Bxg2 21. Kxg2
axb4 22. axb4 Rxa1 23. Qxa1 Qg4 24. Re4 Nh4+ 25. Kf1 Qh3+ 26. Ke2 Ng6 27. Qa4
Rf8 28. d6 cxd6 29. cxd6 f5 30. Qd7 Qxh2 31. Rc4 f4 32. Qe6+ Kh8 33. Rc8 fxg3
34. Rxf8+ Nxf8 35. Qe8 Qxf2+ 36. Kd3 Qd4+ 37. Kc2 Qxd6 38. Ne4 Qc6+ 39. Qxc6
bxc6 40. Nxg3 g6 41. Kd3 Kg7 42. Kc4 Nd7 43. Ne4 h5 44. Ng5 Kf6 45. Ne4+ Kf5 46.
Nd6+ Ke6 47. Ne4 h4 48. Nf2 g5 49. Kd3 Kf5 50. Ne4 g4 51. Ke3 Nf6 52. Nd6+ Ke6
53. Nb7 Nd5+ 54. Ke4 Nxb4 55. Nd8+ Kf6 56. Nb7 h3 57. Ke3 h2 58. Nd6 h1=Q 59.
Ne4+ Kg6 60. Ng3 Qf3+ 0-1

[Event "European Blitz 2022"]
[Site "Katowice POL"]
[Date "2022.12.16"]
[Round "9.79"]
[White "Bartel, Michal"]
[Black "Herega, Nejc"]
[Result "1-0"]
[WhiteTitle "FM"]
[WhiteElo "2250"]
[BlackElo "2164"]
[WhiteFideId "1119257"]
[BlackFideId "14634058"]
[EventDate "2022.12.16"]

1. e4 c5 2. Ne2 d6 3. g3 g6 4. Bg2 Bg7 5. c3 Nc6 6. d4 cxd4 7. cxd4 e6 8. Nbc3
Nge7 9. O-O O-O 10. Bg5 h6 11. Be3 d5 12. Qd2 Kh7 13. exd5 Nxd5 14. Nxd5 exd5
15. Nf4 Be6 16. Nxe6 fxe6 17. Rfe1 Qf6 18. Rad1 Rad8 19. h4 Rd7 20. Qd3 e5 21.
dxe5 Nxe5 22. Qe2 d4 23. Bf4 Nc6 24. Qd3 Kh8 25. Rd2 Nb4 26. Qb5 Nc6 27. Qc5 Qf5
28. Qxf5 gxf5 29. Re6 Rf6 30. Rxf6 Bxf6 31. Bxh6 Ne5 32. b3 a5 33. Bf4 Ng6 34.
Bb8 b5 35. Bc6 Rd8 36. Ba7 b4 37. Kg2 f4 38. Be4 Ne5 39. Bxd4 f3+ 40. Bxf3 Rxd4
41. Rxd4 Nxf3 42. Rd5 Ne1+ 43. Kh3 Bc3 44. Rxa5 Nd3 45. f4 Kg7 46. h5 Nf2+ 47.
Kg2 Ne4 48. g4 Nf6 49. Kf3 Bd2 50. Ra7+ Kg8 51. Ra6 Nd5 52. Rd6 1-0

[Event "European Blitz 2022"]
[Site "Katowice POL"]
[Date "2022.12.16"]
[Round "9.80"]
[White "Drozdowski, Konrad"]
[Black "Jablonicky, Martin"]
[Result "1/2-1/2"]
[BlackTitle "FM"]
[WhiteElo "2104"]
[BlackElo "2388"]
[WhiteFideId "1106279"]
[BlackFideId "14925621"]
[EventDate "2022.12.16"]

1. Nf3 Nf6 2. e3 g6 3. c4 Bg7 4. Nc3 O-O 5. Be2 c6 6. O-O d5 7. cxd5 cxd5 8. d4
Nc6 9. b3 Bf5 10. Nh4 Be6 11. Bb2 Ne4 12. Rc1 Rc8 13. Bd3 f5 14. Nf3 Bf6 15. Na4
Bf7 16. Nc5 b6 17. Na4 Nb4 18. a3 Rxc1 19. Bxc1 Nxd3 20. Qxd3 Qd7 21. Bd2 Rc8
22. Rc1 Rxc1+ 23. Bxc1 Qc7 24. Bb2 e6 25. Nc3 Be8 26. Nd2 Nd6 27. a4 Be7 28. Ba3
Ne4 29. Bxe7 Qxc3 30. Qxc3 Nxc3 31. Bb4 Na2 32. Bd6 b5 33. axb5 Bxb5 34. Bc5 a6
35. f3 Nc1 36. b4 Kf7 37. Nb1 Bc4 38. Nc3 Ne2+ 39. Nxe2 1/2-1/2

[Event "European Blitz 2022"]
[Site "Katowice POL"]
[Date "2022.12.16"]
[Round "9.81"]
[White "Haug, Havard"]
[Black "Baliasnyj, Timur"]
[Result "1-0"]
[WhiteElo "2044"]
[BlackElo "2197"]
[WhiteFideId "1547887"]
[BlackFideId "12802719"]
[EventDate "2022.12.16"]

1. e4 c5 2. c3 g6 3. d4 cxd4 4. cxd4 Bg7 5. Nf3 d6 6. Nc3 Nc6 7. Bc4 Nf6 8. Qe2
Bg4 9. Be3 O-O 10. O-O e5 11. Rad1 exd4 12. Bxd4 Nxd4 13. Rxd4 Qb6 14. Rdd1 Rac8
15. Bb3 Rfe8 16. h3 Be6 17. Bxe6 Rxe6 18. Rfe1 Rce8 19. Qc2 Qc5 20. Qd3 Qb4 21.
b3 Nxe4 22. Nxe4 Rxe4 23. Rxe4 Qxe4 24. Qxe4 Rxe4 25. Rxd6 Re2 26. Rd7 Bf6 27.
a4 Re7 28. Rd5 Rc7 29. Kf1 Kf8 30. Ke2 Rc2+ 31. Ke1 Ke7 32. Rb5 b6 33. Kf1 Rc1+
34. Ke2 Rc2+ 35. Ke3 Ke6 36. a5 Rc6 37. Nd2 Bg5+ 38. Rxg5 1-0

[Event "European Blitz 2022"]
[Site "Katowice POL"]
[Date "2022.12.16"]
[Round "9.82"]
[White "Dzhuguryan, Tygran"]
[Black "Berend, Elvira"]
[Result "0-1"]
[BlackTitle "WGM"]
[WhiteElo "2134"]
[BlackElo "2318"]
[WhiteFideId "21872988"]
[BlackFideId "4000510"]
[EventDate "2022.12.16"]

1. d4 Nf6 2. c4 e6 3. a3 c5 4. d5 exd5 5. cxd5 d6 6. Nc3 g6 7. Nf3 Bg7 8. e4 O-O
9. Bd3 Re8 10. O-O a6 11. Bg5 b5 12. Re1 h6 13. Bh4 Bg4 14. h3 Bxf3 15. Qxf3
Nbd7 16. Bf1 Ne5 17. Qd1 b4 18. axb4 cxb4 19. Na4 Ned7 20. Qd3 a5 21. Rac1 Rc8
22. Rc6 Ne5 23. Rxc8 Qxc8 24. Qd2 Qd7 25. b3 g5 26. Bg3 Ng6 27. f3 Nh5 28. Bf2
Nhf4 29. Rc1 Ne5 30. Nb6 Qd8 31. Rc8 Qe7 32. Rxe8+ Qxe8 33. Qc2 Qe7 34. Qc8+ Kh7
35. Nc4 Nxc4 36. Bxc4 Ng6 37. Qa8 Qe5 38. g3 Qc3 39. Kg2 Ne5 40. Be2 Qc2 41. Kf1
Qxb3 42. Qxa5 Qb1+ 43. Kg2 Qc2 44. Qb5 b3 45. f4 Qxe4+ 46. Kg1 0-1

[Event "European Blitz 2022"]
[Site "Katowice POL"]
[Date "2022.12.16"]
[Round "9.83"]
[White "Hesse, Henrik"]
[Black "Paprocki, Jaroslaw"]
[Result "1-0"]
[WhiteElo "2160"]
[BlackElo "2158"]
[WhiteFideId "12952060"]
[BlackFideId "1122274"]
[EventDate "2022.12.16"]

1. c4 e5 2. g3 Nf6 3. Bg2 d5 4. cxd5 Nxd5 5. Nc3 Nb6 6. Nf3 Nc6 7. O-O Be7 8. d3
O-O 9. a3 Be6 10. Be3 f6 11. Rc1 Nd5 12. Nxd5 Bxd5 13. b4 a6 14. Qc2 Qd7 15. Nh4
Bxg2 16. Kxg2 Qd5+ 17. Kg1 f5 18. Qc4 Rad8 19. Nf3 h6 20. Rc2 g5 21. Qxd5+ Rxd5
22. Bc5 Bd6 23. Bxd6 cxd6 24. Rd1 g4 25. Nh4 Nd4 26. Rb2 Rc8 27. e3 Nf3+ 28.
Nxf3 gxf3 29. Rb3 Kf7 30. h3 h5 31. Rd2 Rc1+ 32. Kh2 Ke6 33. d4 e4 34. a4 h4 35.
gxh4 f4 36. exf4 Kf5 37. b5 axb5 38. Rxb5 Rxb5 39. axb5 Kxf4 40. d5 Re1 41. Rd4
Ke5 42. Rb4 Kxd5 43. h5 Rf1 44. Kg3 Rg1+ 45. Kf4 Rh1 46. Rxe4 Rxh3 47. Re7 b6
48. Rh7 Kc5 49. Kg4 Rh1 50. Kxf3 Kxb5 51. Kg2 Rh4 52. Kg3 Rh1 53. f4 Kc6 54. f5
Kd5 55. Kf4 b5 56. Kg5 b4 57. f6 Ke6 58. Re7+ Kd5 59. f7 Rf1 60. h6 b3 61. Kg6
b2 62. Rb7 Rg1+ 63. Kh7 Rf1 64. Kg8 Rg1+ 65. Kf8 Rh1 66. Ke8 Re1+ 67. Kd8 Rf1
68. h7 Rxf7 69. h8=Q Rxb7 70. Qh1+ Kc4 71. Qxb7 Kc3 72. Qc6+ Kb3 73. Qb5+ Kc2
74. Qc4+ Kd2 75. Qb3 Kc1 76. Qc3+ Kb1 77. Kd7 d5 78. Kd6 Ka2 79. Qa5+ Kb3 80.
Qxd5+ Kc2 81. Qc4+ Kd2 82. Qb3 Kc1 83. Qc3+ Kb1 84. Kc5 Ka2 85. Qa5+ Kb3 86.
Qb4+ Kc2 87. Qc4+ Kd2 88. Qb3 Kc1 89. Qc3+ Kb1 90. Kb4 Ka2 91. Qa3+ Kb1 92. Kc3 1-0

[Event "European Blitz 2022"]
[Site "Katowice POL"]
[Date "2022.12.16"]
[Round "9.84"]
[White "Zhuk, Ivan"]
[Black "Karas, Marek"]
[Result "0-1"]
[BlackTitle "FM"]
[WhiteElo "2035"]
[BlackElo "2240"]
[WhiteFideId "13508342"]
[BlackFideId "14928558"]
[EventDate "2022.12.16"]

1. e4 e6 2. d4 d5 3. Nc3 Nf6 4. Bg5 Be7 5. e5 Nfd7 6. Bxe7 Qxe7 7. f4 a6 8. Nf3
c5 9. Bd3 Nc6 10. O-O b5 11. a3 f6 12. Kh1 cxd4 13. Ne2 fxe5 14. fxe5 O-O 15.
Nexd4 Nxd4 16. Nxd4 Rxf1+ 17. Qxf1 Nxe5 18. Re1 Nxd3 19. Qxd3 Bd7 20. Nf3 Rf8
21. Qxd5 exd5 22. Rxe7 Bf5 23. c3 Bg4 24. Re3 Bf5 25. Re5 Be4 26. Kg1 Bxf3 27.
gxf3 Rxf3 28. Rxd5 Rf6 29. Rd7 h5 30. Kg2 Kh7 31. Kg3 Kh6 32. Rc7 g5 33. c4 bxc4
34. Rxc4 Rd6 35. Rc3 h4+ 36. Kg4 Rd4+ 37. Kf5 Rf4+ 38. Ke5 a5 39. h3 a4 40. Rc6+
Kh5 41. Rc8 Rf3 42. Rh8+ Kg6 43. Rg8+ Kh6 44. Ra8 Rxh3 45. Rxa4 Rb3 46. Ra6+ Kh5
47. Kf5 Rxb2 48. Ra8 Rf2+ 49. Ke4 Kg4 50. a4 Ra2 51. a5 h3 52. a6 h2 53. Rh8 Kg3
54. Kd4 0-1

[Event "European Blitz 2022"]
[Site "Katowice POL"]
[Date "2022.12.16"]
[Round "9.85"]
[White "Trushko, Andrii"]
[Black "Cieslak, Patryk"]
[Result "0-1"]
[WhiteElo "2006"]
[BlackElo "2094"]
[WhiteFideId "14172887"]
[BlackFideId "21078882"]
[EventDate "2022.12.16"]

1. d4 Nf6 2. Bg5 d5 3. Bxf6 gxf6 4. e3 c5 5. dxc5 Nc6 6. Nc3 e6 7. Na4 Bxc5 8.
Nxc5 Qa5+ 9. c3 Qxc5 10. Nf3 e5 11. Qa4 Be6 12. Bb5 Bd7 13. Bxc6 Bxc6 14. Qh4
Qe7 15. O-O-O O-O-O 16. Rhe1 Kb8 17. Nd2 Qe6 18. f4 Rc8 19. Nf3 d4 20. exd4 Qxa2
21. Qxf6 Qa1+ 22. Kd2 Qxb2+ 23. Ke3 exd4+ 24. Qxd4 Rhe8+ 25. Ne5 f6 26. Qd6+ Ka8
27. Qxf6 Qxc3+ 28. Kf2 Qc2+ 29. Ke3 Qxg2 30. Ra1 Qh3+ 31. Kf2 Qxh2+ 32. Ke3 Qg3+
33. Ke2 Bb5+ 0-1

[Event "European Blitz 2022"]
[Site "Katowice POL"]
[Date "2022.12.16"]
[Round "9.86"]
[White "Chyzy, Jakub"]
[Black "Adamczewski, Jedrzej"]
[Result "0-1"]
[WhiteTitle "FM"]
[WhiteElo "2247"]
[BlackElo "1938"]
[WhiteFideId "21806209"]
[BlackFideId "1135414"]
[EventDate "2022.12.16"]

1. b3 Nf6 2. Bb2 d6 3. e3 Nbd7 4. f4 g6 5. Nf3 Bg7 6. Be2 O-O 7. O-O c5 8. d3 b5
9. a4 b4 10. Qe1 Ng4 11. Bxg7 Kxg7 12. Bd1 e5 13. Nfd2 Nh6 14. e4 f6 15. Nc4 Nb6
16. Nxb6 Qxb6 17. Nd2 c4+ 18. Kh1 c3 19. Nc4 Qd4 20. Be2 a5 21. Qf2 Qxf2 22.
Rxf2 Nf7 23. fxe5 dxe5 24. Raf1 Ra6 0-1

[Event "European Blitz 2022"]
[Site "Katowice POL"]
[Date "2022.12.16"]
[Round "9.87"]
[White "Malik, Maciej"]
[Black "Wilk, Krzysztof"]
[Result "0-1"]
[WhiteElo "1954"]
[BlackElo "2107"]
[WhiteFideId "21007071"]
[BlackFideId "1116193"]
[EventDate "2022.12.16"]

1. e4 c6 2. Nf3 d5 3. Nc3 dxe4 4. Nxe4 Bg4 5. d4 e6 6. c3 Nf6 7. Nxf6+ Qxf6 8.
Be2 Bd6 9. h3 Bxf3 10. Bxf3 Nd7 11. h4 h6 12. Qb3 Nb6 13. a4 Rb8 14. a5 Nd5 15.
Bd2 O-O 16. Qc2 Bf4 17. Bxf4 Qxf4 18. Qe4 Qxe4+ 19. Bxe4 Nf6 20. Bf3 Rfe8 21.
O-O-O Rbc8 22. g4 g5 23. Rde1 c5 24. hxg5 hxg5 25. Re5 cxd4 26. Rxg5+ Kf8 27.
Kc2 dxc3 28. bxc3 Rc7 29. Rh8+ Ke7 30. Rxe8+ Nxe8 31. Re5 Nd6 32. g5 Nc4 33. Rb5
Na3+ 0-1

[Event "European Blitz 2022"]
[Site "Katowice POL"]
[Date "2022.12.16"]
[Round "9.88"]
[White "Parol, Pola"]
[Black "Dehtiarov, Roman"]
[Result "0-1"]
[WhiteTitle "WFM"]
[BlackTitle "FM"]
[WhiteElo "2041"]
[BlackElo "2300"]
[WhiteFideId "1163116"]
[BlackFideId "14186640"]
[EventDate "2022.12.16"]

1. e4 e5 2. Nf3 Nc6 3. Bb5 a6 4. Ba4 Nf6 5. O-O Be7 6. Re1 b5 7. Bb3 d6 8. c3
O-O 9. h3 Nb8 10. d4 Nbd7 11. a4 Bb7 12. Nbd2 c5 13. Bc2 Re8 14. Nf1 Bf8 15. Ng3
g6 16. Nh2 Bg7 17. d5 c4 18. Be3 h6 19. Qd2 Kh7 20. f4 exf4 21. Bxf4 Ne5 22. Kh1
Nfd7 23. Rf1 Qe7 24. Rae1 Rf8 25. Nf3 Rae8 26. Nd4 bxa4 27. Bxa4 Rc8 28. Bc2 Nc5
29. Ra1 Rce8 30. Rae1 Ned3 31. Rb1 Nxf4 32. Rxf4 Be5 33. Rf3 Qh4 34. Nde2 Bc8
35. Qe1 Qe7 36. Qf2 Kg7 37. Rf1 Bd7 38. Nf4 Rb8 39. Bb1 a5 40. Qd2 a4 41. Nfe2
Nb3 42. Qe3 Nc5 43. Nd4 Rxb2 44. Ngf5+ gxf5 45. Nxf5+ Bxf5 46. exf5 Qf6 47. Qc1
Rfb8 48. Re1 Rxb1 49. Qxb1 Rxb1 50. Rxb1 Nb3 51. Rd1 a3 0-1

[Event "European Blitz 2022"]
[Site "Katowice POL"]
[Date "2022.12.16"]
[Round "9.89"]
[White "Radzimski, Antoni"]
[Black "Lapaj, Mateusz"]
[Result "1-0"]
[WhiteElo "1734"]
[BlackElo "2223"]
[WhiteFideId "21052476"]
[BlackFideId "1170805"]
[EventDate "2022.12.16"]

1. d4 Nf6 2. c4 g6 3. Nc3 d6 4. e4 Bg7 5. Nf3 O-O 6. Be2 e5 7. Be3 Ng4 8. Bg5 f6
9. Bh4 g5 10. Bg3 Nh6 11. dxe5 fxe5 12. Qb3 Nf7 13. O-O-O Nc6 14. h3 Be6 15.
Qxb7 Nd4 16. Nxd4 exd4 17. Nb5 Rc8 18. Nxd4 Bd7 19. Nb3 a5 1-0

[Event "European Blitz 2022"]
[Site "Katowice POL"]
[Date "2022.12.16"]
[Round "9.90"]
[White "Grobelny, Mikolaj"]
[Black "Czernek, Tymon"]
[Result "0-1"]
[BlackTitle "FM"]
[WhiteElo "1503"]
[BlackElo "2302"]
[WhiteFideId "21892601"]
[BlackFideId "1199510"]
[EventDate "2022.12.16"]

1. e4 c5 2. Nf3 d6 3. d4 cxd4 4. Nxd4 Nf6 5. f3 Nc6 6. c4 e6 7. Nc3 Be7 8. Be3
O-O 9. Qd2 d5 10. exd5 exd5 11. Nxc6 bxc6 12. Rd1 Be6 13. c5 Nd7 14. b4 a5 15.
a3 axb4 16. axb4 Qb8 17. Rb1 Ra3 18. Qb2 Qa8 19. Bd3 Bf6 20. Bd2 Ne5 21. Qc2
Nxd3+ 22. Qxd3 Qc8 23. Qc2 Bf5 24. Qc1 Re8+ 25. Kf2 Bd4+ 26. Kg3 Rxc3 27. Bxc3
Qc7+ 28. f4 Re3+ 29. Qxe3 Bxe3 30. Rbf1 f6 31. Rf3 d4 32. Bb2 g5 33. Rhf1 h5 34.
h3 Bxf4+ 35. Kf2 Be4 36. Bxd4 Bxf3 37. Kxf3 Qf7 38. Ra1 Qd5+ 39. Kf2 Qxd4+ 0-1